000 00677nam a22002657a 4500
001 BR6001932
003 BR-BrBNA
005 20230928095613.0
007 ta
008 230509b bl.||||| |||| 00| 0 por d
040 _aBR-BrBNA
_bpor
_cBiblioteca Nacional de Agricultura
041 _a(Por)
072 _aE50
090 _ E50 BR6001932
100 1 _aBarreto, G.B.
110 1 _aInstituto Agronomico, Campinas, SP (Brasil)
245 1 _aNocoes de saneamento rural
260 3 _a[np](Brasil):
_c1970.
300 _a58 p.
500 _a16 ref.
650 _aSociologia Rural
650 _aSaneamento Rural
909 _a202309
_bLucia
_c55
_dLucia Elande
942 _cBK
999 _c57568
_d57568